000 00624nam a22002057a 4500
003 OSt
005 20250609151745.0
008 250609b |||||||| |||| 00| 0 eng d
020 _a9780444639790
040 _aKABU
_cKABU
050 _aQH652
_b.O26 2019
100 _aObodovskiy, Ilya
245 _aRadiation:
_bfundamentals, applications, risks, and safety /
_cIlya Obodovskiy
260 _aAmsterdam, Netherlands:
_bElsevier,
_c2019
300 _axxvi, : 694p.
504 _aIncludes Bibliographical references and index
650 _aRadiation
_xphysiological effect
650 _aRadiation
_xdosage
942 _2lcc
_cBK
999 _c20704
_d20703